00443nam a22001457a 4500020001600000082001500016100002600031245005100057260003600108300000800144650002800152942000700180952009300187999001700280 a071520094 I a228 BAR V1 aBarclay, Rev. William aThe Revelation of John: The Daily Study Bible  aGlasgowbSt. Andrew Pressc1959 a231 aApocalyptic Lliterature cBK 00104070aHMIbHMIcGENd2018-04-13l0o228 BAR V1p012128r2018-04-13w2018-04-13yBK c20896d20896